| 000 | 00563nam a2200217 a 4500 | ||
|---|---|---|---|
| 999 |
_c4693 _d4693 |
||
| 001 | 4693 | ||
| 003 | BD-JhCC | ||
| 005 | 20171130092020.0 | ||
| 008 | 171129s1963 bg |||| ||a| 001 0 eng d | ||
| 035 | _a(BD-JhCC)4693 | ||
| 040 |
_aBD-JhCC _dBD-JhCC |
||
| 041 | _aeng | ||
| 082 |
_a301 _bSMI 1963 |
||
| 100 | _aSmith, Wilfred Cantwell | ||
| 245 |
_aModern Islam In India / _cWilfred Cantwell Smith |
||
| 260 |
_aPakistan : _bH. Muhammad Ashraf, _c1963. |
||
| 300 |
_a382 p. : _c21 cm. |
||
| 650 |
_aMuslim Society _zIndia |
||
| 942 |
_2ddc _cBK |
||